000 00906nas a2200253 4500
001 BR2013005306
003 BR-BrBNA
005 20231205122603.0
007 ta
008 230509b bl.|||p| |||| 00| 00por d
040 _aBR-BrBNA
_bpor
_cBiblioteca Nacional de Agricultura
041 _a(Pt)
072 _aP34
100 1 _aSilva, T.F.
100 1 _aMelloni, R.
245 1 _aDensidade e diversidade fenotípica de bactérias diazotróficas não simbióticas em solos da reserva biológica Serra dos Toledos, Itajubá (MG)
650 _aBIOLOGIA DO SOLO
650 _aFIXAÇÃO DE NITROGÊNIO
650 _aRESERVA BIOLÓGICA
773 0 _tRevista Brasileira de Ciência do Solo (Brazil)
_xISSN 0100-0683
_g(Mar-Apr 2011), v. 35(2) p. 359-371
_wBR2013005306
856 4 0 _uhttp://www.scielo.br/pdf/rbcs/v35n2/v35n2a07.pdf
909 _a202311
_bLúcia
_c55
_dLúcia Elande
942 _2AGRIS
_n0
_cANA
999 _c229437
_d229437